Statistics for UK General Knowledge Multiple Choice #3

Click here to take the quiz!

General Stats

  • This quiz has been taken 14,244 times
  • The average score is 10 of 15

Answer Stats

QuestionAnswer% Correct
Where are the Crown Jewels kept?Tower of London
84%
What sport is played at the Oval?Cricket
82%
Which river flows through Stoke, Nottingham, and Newark?Trent
81%
What is the the Royal Air Force Aerobatic Team better known as?The Red Arrows
79%
What did Queen Elizabeth II train to do during the Second World War?Driver and mechanic
68%
Who was Robert Baden-Powell?Founder of the Scout Movement
67%
What does the 00 in James Bond's 007 code name mean?Licence to kill
67%
What item of clothing is Mary Quant credited with inventing?Miniskirt
66%
Who among these people was never mayor of London?Gordon Brown
65%
What drink advertises itself as "Made in Scotland from Girders"?Irn-Bru
63%
What is the easternmost county in the U.K?Suffolk
63%
What is the collective name of the rivalry between Glasgow's two main football clubs (Celtic and Rangers)?The Old Firm
60%
What did Harland and Wolff build?The RMS Titanic
60%
What is the term for the comprehensive understanding of local geography that London cabbies are required to have?The Knowledge
58%
About what percentage of people in the U.K. live in England?83%
46%

Score Distribution

Percentile by Number Answered

Percent of People with Each Score

Your Score History

You have not taken this quiz